Genofond informačný spravodajca
| Format: | Journal |
|---|---|
| Language: | Slovak |
| PhysicalDescription: | zv. 30 cm |
| Published: |
Piešťany
Výskumný ústav rastlinnej výroby
2000-
Piešťany SCPV - Výskumný ústav rastlinnej výroby Piešťany Centrum výskumu rastlinnej výroby Piešťany Národné poľnohospodárske a potravinárske centrum - Výskumný ústav rastlinnej výroby |
| ISSN: | 1335-5848 |
| Subjects: | |
| Online Access: | http://www.vurv.sk |
MARC
| LEADER | 00000cas a2200000 a 4500 | ||
|---|---|---|---|
| 001 | vtls009292291 | ||
| 003 | SK-MaSNL | ||
| 005 | 20260228162325.0 | ||
| 008 | 080506c20009999xo fr p 0 b0slo | ||
| 022 | |a 1335-5848 | ||
| 040 | |a SNK |b slo |c SNK |e AACR2 | ||
| 041 | 0 | |a slo |b eng | |
| 044 | |a xo |c SK | ||
| 072 | 7 | |a 633 |x Rastlinná výroba |2 konspekt | |
| 080 | |a 633 |2 2011 | ||
| 080 | |a 050 |2 2011 | ||
| 080 | |a (051)-027.561 |2 2011 | ||
| 080 | |a (036) |2 2011 | ||
| 210 | 0 | |a Genofond | |
| 222 | 0 | |a Genofond | |
| 245 | 0 | 0 | |a Genofond |b informačný spravodajca |
| 246 | 1 | 3 | |a Genofond |b odborný časopis pre ochranu a využitie genetických zdrojov rastlín |
| 260 | |a Piešťany |b Výskumný ústav rastlinnej výroby |c 2000- | ||
| 260 | 2 | |3 [2006]-2008 |a Piešťany |b SCPV - Výskumný ústav rastlinnej výroby | |
| 260 | 2 | |3 2009-2013 |a Piešťany |b Centrum výskumu rastlinnej výroby | |
| 260 | 3 | |3 [2014]- |a Piešťany |b Národné poľnohospodárske a potravinárske centrum - Výskumný ústav rastlinnej výroby | |
| 300 | |a zv. |c 30 cm | ||
| 310 | |a 2x ročne |b 2018- | ||
| 321 | |a 1x ročne |b 2000-2017 | ||
| 362 | 0 | |a 2000- | |
| 500 | |a Popis podľa: Č. 7 (2003)- | ||
| 500 | |a Redaktori sa menia | ||
| 500 | |a Podľa agentúry ISSN časopis vychádza od r. 2000 | ||
| 500 | |a Od r. 2018 je uvádzaný ročník | ||
| 500 | |a Podnázov od r. 1/2020 - odborný časopis pre ochranu a využitie genetických zdrojov rastlín | ||
| 504 | |a Bibliogr. | ||
| 515 | |a Má priebežné číslovanie | ||
| 546 | |a Res. angl. | ||
| 650 | 0 | 7 | |a rastlinná výroba |2 SNKPH |9 2835 |
| 655 | 7 | |a odborné časopisy |2 SNKPH |9 70505 | |
| 655 | 7 | |a informačné publikácie |2 SNKPH |9 70181 | |
| 710 | 2 | |a Národné poľnohospodárske a potravinárske centrum - Výskumný ústav rastlinnej výroby (Piešťany, Slovensko). |b Knižnica |4 pbl |9 270792 | |
| 856 | 4 | 1 | |u http://www.vurv.sk |
| 910 | |a snk | ||
| 916 | |a 2003-2016, 2017-2018 | ||
| 999 | |c 7564 |d 9494 | ||
| 952 | |0 0 |1 0 |4 0 |7 0 |8 0 |a SNK |b SNK |d 2022-07-06 |i snk2022/11011 |l 0 |o snkČSB 6534/23/2019 |p 17A1463512 |r 2026-02-21 20:03:26 |t č. 1-2 + 1 príl. |w 2026-02-21 |y PREZ |z Príl.: v č. 1 - Metodická príručka pasportizácie genetických zdrojov rastlín pre užívateľov informačného systému pre genetické zdroje rastlín Slovenka GRISS | ||
| 952 | |0 0 |1 0 |4 0 |7 0 |8 0 |a SNK |b SNK |d 2022-07-06 |i snk2022/11012 |l 0 |o snkČSB 6534/24/2020 |p 17A1463511 |r 2026-02-21 20:03:26 |t č. 1-2 |w 2026-02-21 |y PREZ | ||
| 952 | |0 0 |1 0 |4 0 |7 0 |8 0 |a SNK |b SNK |d 2022-07-06 |i snk2022/11013 |l 0 |o snkČSB 6534/25/2021 |p 17A1463510 |r 2026-02-21 20:03:26 |t č. 1-2 |w 2026-02-21 |y PREZ | ||
| 952 | |0 0 |1 0 |4 0 |7 0 |8 0 |a SNK |b SNK |d 2019-10-14 |f 1 |i snk2019/25944 |l 0 |o snkČSB 6534/2017 |p 17A1383808 |r 2026-02-21 22:00:06 |t č. 21 |w 2026-02-21 |y PREZ | ||
| 952 | |0 0 |1 0 |4 0 |7 0 |8 0 |a SNK |b SNK |d 2019-10-14 |f 1 |i snk2019/25949 |l 0 |o snkČSB 6534/22/2018 |p 17A1383807 |r 2026-02-21 22:00:06 |t č. 1-2 |w 2026-02-21 |y PREZ | ||
| 952 | |0 0 |1 0 |4 0 |7 0 |8 0 |a SNK |b SNK |d 2019-10-14 |i snk2019/25951 |l 0 |o snkČSB 6534/2017 D1 |p 17A1383806 |r 2026-02-21 22:00:06 |t č. 21 |w 2026-02-21 |y PREZ | ||
| 952 | |0 0 |1 0 |4 0 |7 0 |8 0 |a SNK |b SNK |d 2019-10-14 |i snk2019/25953 |l 0 |o snkČSB 6534/22/2018 D1 |p 17A1383805 |r 2026-02-21 22:00:07 |t č. 1-2 |w 2026-02-21 |y PREZ | ||
| 952 | |0 0 |1 0 |4 0 |7 0 |8 0 |a SNK |b SNK |d 2017-10-30 |f 1 |i snk2017/23861 |l 0 |o snkČSB 6534/2003 |p 17A1265202 |r 2026-02-21 22:05:05 |t č. 7 |w 2026-02-21 |y PREZ | ||
| 952 | |0 0 |1 0 |4 0 |7 0 |8 0 |a SNK |b SNK |d 2017-10-30 |i snk2017/23865 |l 0 |o snkČSB 6534/2003 D1 |p 17A1265201 |r 2026-02-21 22:05:05 |t č. 7 |w 2026-02-21 |y PREZ | ||
| 952 | |0 0 |1 0 |4 0 |7 0 |8 0 |a SNK |b SNK |d 2017-10-30 |f 1 |i snk2017/23861 |l 0 |o snkČSB 6534/2004 |p 17A1265200 |r 2026-02-21 22:05:05 |t č. 8 |w 2026-02-21 |y PREZ | ||
| 952 | |0 0 |1 0 |4 0 |7 0 |8 0 |a SNK |b SNK |d 2017-10-30 |i snk2017/23865 |l 0 |o snkČSB 6534/2004 D1 |p 17A1265199 |r 2026-02-21 22:05:05 |t č. 8 |w 2026-02-21 |y PREZ | ||
| 952 | |0 0 |1 0 |4 0 |7 0 |8 0 |a SNK |b SNK |d 2017-10-30 |f 1 |i snk2017/23861 |l 0 |o snkČSB 6534/2005 |p 17A1265198 |r 2026-02-21 22:05:05 |t č. 9 |w 2026-02-21 |y PREZ | ||
| 952 | |0 0 |1 0 |4 0 |7 0 |8 0 |a SNK |b SNK |d 2017-10-30 |i snk2017/23865 |l 0 |o snkČSB 6534/2005 D1 |p 17A1265197 |r 2026-02-21 22:05:06 |t č. 9 |w 2026-02-21 |y PREZ | ||
| 952 | |0 0 |1 0 |4 0 |7 0 |8 0 |a SNK |b SNK |d 2017-10-30 |f 1 |i snk2017/23861 |l 0 |o snkČSB 6534/2007 |p 17A1265196 |r 2026-02-21 22:05:06 |t č. 11 |w 2026-02-21 |y PREZ | ||
| 952 | |0 0 |1 0 |4 0 |7 0 |8 0 |a SNK |b SNK |d 2017-10-30 |i snk2017/23865 |l 0 |o snkČSB 6534/2007 D1 |p 17A1265195 |r 2026-02-21 22:05:06 |t č. 11 |w 2026-02-21 |y PREZ | ||
| 952 | |0 0 |1 0 |4 0 |7 0 |8 0 |a SNK |b SNK |d 2017-10-30 |f 1 |i snk2017/23861 |l 0 |o snkČSB 6534/2008 |p 17A1265194 |r 2026-02-21 22:05:06 |t č. 12 |w 2026-02-21 |y PREZ | ||
| 952 | |0 0 |1 0 |4 0 |7 0 |8 0 |a SNK |b SNK |d 2017-10-30 |i snk2017/23865 |l 0 |o snkČSB 6534/2008 D1 |p 17A1265193 |r 2026-02-21 22:05:06 |t č. 12 |w 2026-02-21 |y PREZ | ||
| 952 | |0 0 |1 0 |4 0 |7 0 |8 0 |a SNK |b SNK |d 2017-10-30 |f 1 |i snk2017/23861 |l 0 |o snkČSB 6534/2009 |p 17A1265192 |r 2026-02-21 22:05:06 |t č. 13 |w 2026-02-21 |y PREZ | ||
| 952 | |0 0 |1 0 |4 0 |7 0 |8 0 |a SNK |b SNK |d 2017-10-30 |i snk2017/23865 |l 0 |o snkČSB 6534/2009 D1 |p 17A1265191 |r 2026-02-21 22:05:06 |t č. 13 |w 2026-02-21 |y PREZ | ||
| 952 | |0 0 |1 0 |4 0 |7 0 |8 0 |a SNK |b SNK |d 2017-10-30 |f 1 |i snk2017/23886 |l 0 |o snkČSB 6534/2010 |p 17A1265190 |r 2026-02-21 22:05:06 |t č. 14 |w 2026-02-21 |y PREZ | ||
| 952 | |0 0 |1 0 |4 0 |7 0 |8 0 |a SNK |b SNK |d 2017-10-30 |i snk2017/23887 |l 0 |o snkČSB 6534/2010 D1 |p 17A1265189 |r 2026-02-21 22:05:06 |t č. 14 |w 2026-02-21 |y PREZ | ||
| 952 | |0 0 |1 0 |4 0 |7 0 |8 0 |a SNK |b SNK |d 2017-10-30 |f 1 |i snk2017/23886 |l 0 |o snkČSB 6534/2011 |p 17A1265188 |r 2026-02-21 22:05:06 |t č. 15 |w 2026-02-21 |y PREZ | ||
| 952 | |0 0 |1 0 |4 0 |7 0 |8 0 |a SNK |b SNK |d 2017-10-30 |f 1 |i snk2017/23886 |l 0 |o snkČSB 6534/2012 |p 17A1265187 |r 2026-02-21 22:05:06 |t č. 16 |w 2026-02-21 |y PREZ | ||
| 952 | |0 0 |1 0 |4 0 |7 0 |8 0 |a SNK |b SNK |d 2017-10-30 |i snk2017/23887 |l 0 |o snkČSB 6534/2012 D1 |p 17A1265878 |r 2026-02-21 22:05:06 |t č. 16 |w 2026-02-21 |y PREZ | ||
| 952 | |0 0 |1 0 |4 0 |7 0 |8 0 |a SNK |b SNK |d 2017-10-30 |f 1 |i snk2017/23886 |l 0 |o snkČSB 6534/2013 |p 17A1265877 |r 2026-02-21 22:05:06 |t č. 17 |w 2026-02-21 |y PREZ | ||
| 952 | |0 0 |1 0 |4 0 |7 0 |8 0 |a SNK |b SNK |d 2017-10-30 |i snk2017/23887 |l 0 |o snkČSB 6534/2013 D1 |p 17A1265876 |r 2026-02-21 22:05:06 |t č. 17 |w 2026-02-21 |y PREZ | ||
| 952 | |0 0 |1 0 |4 0 |7 0 |8 0 |a SNK |b SNK |d 2017-10-30 |i snk2017/23887 |l 0 |o snkČSB 6534/2011 D1 |p 17A1265875 |r 2026-02-21 22:05:06 |t č. 15 |w 2026-02-21 |y PREZ | ||
| 952 | |0 0 |1 0 |4 0 |7 0 |8 0 |a SNK |b SNK |d 2017-10-30 |f 1 |i snk2017/23886 |l 0 |o snkČSB 6534/2015 |p 17A1265874 |r 2026-02-21 22:05:06 |t č. 19 |w 2026-02-21 |y PREZ | ||
| 952 | |0 0 |1 0 |4 0 |7 0 |8 0 |a SNK |b SNK |d 2017-10-30 |i snk2017/23887 |l 0 |o snkČSB 6534/2015 D1 |p 17A1265873 |r 2026-02-21 22:05:10 |t č. 19 |w 2026-02-21 |y PREZ | ||
| 952 | |0 0 |1 0 |4 0 |7 0 |8 0 |a SNK |b SNK |d 2017-10-30 |f 1 |i snk2017/23886 |l 0 |o snkČSB 6534/2016 |p 17A1265872 |r 2026-02-21 22:05:10 |t č. 20 |w 2026-02-21 |y PREZ | ||
| 952 | |0 0 |1 0 |4 0 |7 0 |8 0 |a SNK |b SNK |d 2017-10-30 |i snk2017/23887 |l 0 |o snkČSB 6534/2016 D1 |p 17A1265871 |r 2026-02-21 22:05:10 |t č. 20 |w 2026-02-21 |y PREZ | ||


